01617nam a2200193Ia 4500008004100000020001500041050002100056245010500077260004800182300001900230500005200249505088800301650002601189700003801215700004101253700004601294700003801340700004501378120626s1999 mx a 000 0 spa d a9684399022 aQD42 bP744 199910aPrácticas de Química 3- 4 b: Tronco común del bachilleratoc/ Glafira, Angeles Ocampo: et.al. aMéxico b: Publicaciones Culturalc, 2005 a154 páginas  aIncluye: Contenido, Introducción, Apéndices aTermodinámica Velocidad de reacción Ácidos y bases Diferencias entre compuestos orgánicos e inorgánicos Nomenclatura de alcanos, obtención y usos Nomenclatura de alquenos, obtención y usos Nomenclatura de alquinos y obtención del acetileno El petróleo y sus derivados Nomenclatura de los principales grupos funcionales I Nomenclatura de los priNcipales grupos funcionales II Preparación del benceno Compuestos derivados del benceno Reacciones de eliminación y adición Reacciones de substitución y condensación Carbohidratos (Monosacáridos, disacáridos y polisacáridos) Proteínas Introducción a la tecnología química Procesos operacionales unitarias Análisis cualitativo Análisis cuantitativo Minerales Hidropónica Elaboración de productos alimenticios Industria Químico- Farmacéutica  0aQUIMICAxEXPERIMENTOS aÁngeles Ocampo, Glafira, autor. aFabila Gutiérrez, Froyláneautor aJuárez Calderón, José Manueleautor aMonsalvo Vázquez, Raúleautor aRamírez Regalado, Victor Manueleautor